| 000 | 01231cam a2200325 i 4500 | ||
|---|---|---|---|
| 001 | 16093179 | ||
| 003 | EG-ScBUE | ||
| 005 | 20241112135351.0 | ||
| 008 | 100216t2010 flua f bf 001 0 eng d | ||
| 020 | _a9781420072877 (hardcover : alk. paper) | ||
| 020 | _a1420072870 (hardcover : alk. paper) | ||
| 040 |
_aDLC _beng _erda _cDLC _dYDX _dYDXCP _dCDX _dBWX _dUKM _dDLC _dEG-ScBUE |
||
| 082 | 0 | 0 |
_a519.5 _222 _bHAN |
| 245 | 0 | 0 |
_aHandbook of spatial statistics / _cedited by Alan E. Gelfand [and three others] |
| 264 | 1 |
_aBoca Raton : _bCRC Press / Taylor & Francis Group, _c[2010] |
|
| 264 | 4 | _cc2010 | |
| 300 |
_axii, 607 pages : _billustrations ; _c27 cm. |
||
| 336 |
_2rdacontent _atext _btxt |
||
| 337 |
_aunmediated _2rdamedia _bn |
||
| 338 |
_avolume _bnc _2rdacarrier |
||
| 490 | 0 | _aChapman & Hall/CRC handbooks of modern statistical methods | |
| 504 | _aIncludes bibliographical references and index. | ||
| 650 | 7 |
_aSpatial analysis (Statistics) _vHandbooks, manuals, etc. _2BUEsh |
|
| 650 | 7 |
_aMathematical statistics _xMethodology _vHandbooks, manuals, etc. _2BUEsh |
|
| 651 | _2BUEsh | ||
| 653 |
_bENGGEN _cJune2015 |
||
| 655 |
_vReading book _934232 |
||
| 700 | 1 |
_aGelfand, Alan E., _d1945-, _eeditor. |
|
| 942 |
_2ddc _cBB |
||
| 999 |
_c19497 _d19469 |
||